Business english glossary

Salvato in:
Dettagli Bibliografici
Autore principale: Barac, Ľudovít
Ente Autore: Ekonomická univerzita v Bratislave. Fakulta aplikovaných jazykov
Altri autori: Breveníková, Daniela, Vicha, Peter
Natura: Libro
Lingua:slovacco
Pubblicazione: Bratislava Vydavateľstvo EKONÓM 2013
Edizione:1. vyd.
Soggetti:
Tags: Aggiungi Tag
Nessun Tag, puoi essere il primo ad aggiungerne!!

MARC

LEADER 00000nam a2200000 4500
001 0176627
005 20240502073018.7
020 |a 978-80-225-3698-1 
041 0 |a slo 
044 |a SK 
245 1 0 |a Business english glossary  |c Ľudovít Barac ; recenzenti: Daniela Breveníková, Peter Vicha 
250 |a 1. vyd. 
264 1 |a Bratislava  |b Vydavateľstvo EKONÓM  |c 2013 
300 |a 108 s. [6,20 AH] 
610 2 0 |a slovníky 
610 2 0 |a jazyky cudzie 
610 2 0 |a terminológia 
610 2 0 |a podnikanie 
610 2 0 |a ekonómia 
100 1 |a Barac, Ľudovít 
700 1 |a Breveníková, Daniela 
700 1 |a Vicha, Peter 
710 2 |a Ekonomická univerzita v Bratislave. Fakulta aplikovaných jazykov